Perturbation theory for linear operators / (Record no. 20561)

MARC details
000 -LEADER
fixed length control field 01105nam a2200325 i 4500
003 - CONTROL NUMBER IDENTIFIER
control field EG-ScBUE
005 - DATE AND TIME OF LATEST TRANSACTION
control field 20241017083700.0
008 - FIXED-LENGTH DATA ELEMENTS--GENERAL INFORMATION
fixed length control field 150817s1976 gw f b 001 0 eng d
020 ## - INTERNATIONAL STANDARD BOOK NUMBER
International Standard Book Number 9783540586616
040 ## - CATALOGING SOURCE
Original cataloging agency EG-ScBUE
Language of cataloging eng
Description conventions rda
Transcribing agency EG-ScBUE
Modifying agency EG-ScBUE
082 04 - DEWEY DECIMAL CLASSIFICATION NUMBER
Classification number 515.7246
Item number KAT
Edition number 22
100 1# - MAIN ENTRY--PERSONAL NAME
Personal name Katō, Tosio,
Dates associated with a name 1917-
Relator term author.
9 (RLIN) 38362
245 10 - TITLE STATEMENT
Title Perturbation theory for linear operators /
Statement of responsibility, etc Tosio Kato.
250 ## - EDITION STATEMENT
Edition statement Second edition.
264 #1 - PUBLICATION, DISTRIBUTION, ETC. (IMPRINT)
Place of publication, distribution, etc Berlin :
Name of publisher, distributor, etc Springer-Verlag,
Date of publication, distribution, etc 1976.
300 ## - PHYSICAL DESCRIPTION
Extent xxi, 619 pages ;
Dimensions 24 cm.
336 ## - CONTENT TYPE
Source rdacontent
Content type term text
Content type code txt
337 ## - MEDIA TYPE
Media type term unmediated
Source rdamedia
Media type code n
338 ## - CARRIER TYPE
Carrier type term volume
Carrier type code nc
Source rdacarrier
490 0# - SERIES STATEMENT
Series statement Grundlehren der mathematischen Wissenschaften ;
Volume number/sequential designation 132
500 ## - GENERAL NOTE
General note A series of comprehensive studies in mathematics.
504 ## - BIBLIOGRAPHY, ETC. NOTE
Bibliography, etc Includes bibliographical references and index.<br/>
650 #7 - SUBJECT ADDED ENTRY--TOPICAL TERM
Topical term or geographic name as entry element Perturbation (Mathematics)
Source of heading or term BUEsh
9 (RLIN) 36431
650 #7 - SUBJECT ADDED ENTRY--TOPICAL TERM
Topical term or geographic name as entry element Linear operators.
Source of heading or term BUEsh
9 (RLIN) 22996
650 #7 - SUBJECT ADDED ENTRY--TOPICAL TERM
Topical term or geographic name as entry element Linear operators.
Source of heading or term BUEsh
651 ## - SUBJECT ADDED ENTRY--GEOGRAPHIC NAME
Source of heading or term BUEsh
653 ## - INDEX TERM--UNCONTROLLED
Resource For college Engineering, General
Arrived date list August2015
655 ## - INDEX TERM--GENRE/FORM
Form subdivision Reading book
9 (RLIN) 34232
942 ## - ADDED ENTRY ELEMENTS (KOHA)
Source of classification or shelving scheme Dewey Decimal Classification
Koha item type Book - Borrowing
Holdings
Withdrawn status Lost status Source of classification or shelving scheme Damaged status Not for loan Collection code Home library Current library Shelving location Date acquired Source of acquisition Cost, normal purchase price Serial Enumeration / chronology Total Checkouts Total Renewals Full call number Barcode Date last seen Date checked out Cost, replacement price Koha item type
    Dewey Decimal Classification     Baccah Central Library Central Library First floor 17/08/2015   850.00 23376 1 6 515.7246 KAT 000039759 15/07/2025 19/08/2015 1062.50 Book - Borrowing